Score 0/20 Timer 05:00
861 Plays Today
% Correct
Robert Downey Jr. - Iron Man
94.2%
Matt Damon - Saving Private Ryan
91.6%
Michael Clarke Duncan - The Green Mile
90.7%
Danny DeVito - Batman Returns
90.4%
Daniel Day-Lewis - Lincoln
90.3%
Vin Diesel - xXx
89.4%
Leonardo DiCaprio - Inception
88.5%
Kirsten Dunst - Spider-Man
88%
Judi Dench - Casino Royale
87.1%
Geena Davis - Thelma & Louise
87%
% Correct
Bette Davis - All About Eve
86.4%
Jeff Daniels - Dumb & Dumber
86.3%
Warwick Davis - Harry Potter
85.8%
Michael Douglas - Basic Instinct
83.9%
Rosario Dawson - Seven Pounds
81.2%
Willem Dafoe - Platoon
78.3%
Hilary Duff - A Cinderella Story
74.2%
Minnie Driver - Good Will Hunting
70.8%
Cameron Diaz - Being John Malkovich
67.4%
Gérard Depardieu - The Man in the Iron Mask
64.8%
Remove Ads.
Support Sporcle.
Get the best of Sporcle when you Go Orange. This ad-free experience offers more features, more stats, and more fun while also helping to support Sporcle. Thank you for becoming a member.

You're not logged in!

Compare scores with friends on all Sporcle quizzes.
OR
Log In

Sporcle TV

Today on Sporcle TV


Watch our educational content, quiz creation guides, and fun videos on Sporcle TV.

Show Comments

Extras

Top Quizzes Today


Score Distribution

Paid Content

Your Account Isn't Verified!

In order to create a playlist on Sporcle, you need to verify the email address you used during registration. Go to your Sporcle Settings to finish the process.

Report this User

Report this user for behavior that violates our Community Guidelines.

Details: